Schaum's outlines of theory and problems of microbiology

Zapisane w:
Opis bibliograficzny
1. autor: I. Edward Alcamo
Format: Książka
Język:Undetermined
Wydane: New York McGraw-Hill 1998
Hasła przedmiotowe:
Etykiety: Dodaj etykietę
Nie ma etykietki, Dołącz pierwszą etykiete!
Thư viện lưu trữ: Trung tâm Học liệu Trường Đại học Cần Thơ
LEADER 00573nam a2200193Ia 4500
001 CTU_57371
008 210402s9999 xx 000 0 und d
020 |b 143000 
082 |a 579 
082 |b A346 
100 |a I. Edward Alcamo 
245 0 |a Schaum's outlines of theory and problems of microbiology 
245 0 |c I. Edward Alcamo 
260 |a New York 
260 |b McGraw-Hill 
260 |c 1998 
650 |a microbiology,microbiology 
650 |x outlines, syllabi, etc.,examinations, questions, etc. 
980 |a Trung tâm Học liệu Trường Đại học Cần Thơ